| 000 | 00887nam a2200265Ia 4500 | ||
|---|---|---|---|
| 003 | OSt | ||
| 005 | 20220926012246.0 | ||
| 006 | a|||||r|||| 00| 0 | ||
| 007 | ta | ||
| 008 | 220923b |||||||| |||| 00| 0 eng d | ||
| 020 | _a0 521 32715 6 | ||
| 037 | _cGeneral Book | ||
| 040 |
_aRTL _cRTL _beng |
||
| 041 |
_2eng _aeng |
||
| 082 | _aY:5.55.N, M8 | ||
| 100 |
_aKnodel John E _9315936 |
||
| 245 | 0 |
_aDemographic behavior in the past _bA study of fourteen German village population in the eighteen and nineteen centuries |
|
| 260 |
_aNew York _bCambridge University Press _c1988 |
||
| 300 |
_axxv,587p _ccm. |
||
| 490 | _aCambridge Studies in Population, Economy and Society in Past Time.6 | ||
| 500 | _aBibliography P 551-570; Appendix P 461-556 | ||
| 650 | _aDemography | ||
| 942 |
_hY:5.55.N, M8 _cGB _2CC |
||
| 999 |
_c622260 _d622260 |
||